<?xml version="1.0" encoding="UTF-8"?>
<record
    xmlns:xsi="http://www.w3.org/2001/XMLSchema-instance"
    xsi:schemaLocation="http://www.loc.gov/MARC21/slim http://www.loc.gov/standards/marcxml/schema/MARC21slim.xsd"
    xmlns="http://www.loc.gov/MARC21/slim">

  <leader>01839nam a22002657a 4500</leader>
  <controlfield tag="003">NALT</controlfield>
  <controlfield tag="005">20250826110933.0</controlfield>
  <controlfield tag="008">250721b        th ||||| |||| 00| 0 tha d</controlfield>
  <datafield tag="040" ind1=" " ind2=" ">
    <subfield code="a">NALT</subfield>
  </datafield>
  <datafield tag="050" ind1=" " ind2=" ">
    <subfield code="a">DS 586</subfield>
    <subfield code="b">&#xE08;344&#xE20; 2557</subfield>
  </datafield>
  <datafield tag="100" ind1="0" ind2=" ">
    <subfield code="a">&#xE08;&#xE33;&#xE19;&#xE07;&#xE04;&#xE4C; &#xE20;&#xE34;&#xE23;&#xE21;&#xE22;&#xE4C;&#xE20;&#xE31;&#xE01;&#xE14;&#xE35;.</subfield>
    <subfield code="9">66327</subfield>
  </datafield>
  <datafield tag="245" ind1="1" ind2="0">
    <subfield code="a">&#xE20;&#xE34;&#xE23;&#xE21;&#xE22;&#xE4C;&#xE20;&#xE32;&#xE1E;&#xE20;&#xE31;&#xE01;&#xE14;&#xE35; /</subfield>
    <subfield code="c">&#xE08;&#xE33;&#xE19;&#xE07;&#xE04;&#xE4C; &#xE20;&#xE34;&#xE23;&#xE21;&#xE22;&#xE4C;&#xE20;&#xE31;&#xE01;&#xE14;&#xE35; ; &#xE08;&#xE38;&#xE15;&#xE34;&#xE19;&#xE31;&#xE19;&#xE17;&#xE4C; &#xE20;&#xE34;&#xE23;&#xE21;&#xE22;&#xE4C;&#xE20;&#xE31;&#xE01;&#xE14;&#xE35;, &#xE1A;&#xE23;&#xE23;&#xE13;&#xE32;&#xE18;&#xE34;&#xE01;&#xE32;&#xE23;.</subfield>
  </datafield>
  <datafield tag="250" ind1=" " ind2=" ">
    <subfield code="a">&#xE1E;&#xE34;&#xE21;&#xE1E;&#xE4C;&#xE04;&#xE23;&#xE31;&#xE49;&#xE07;&#xE17;&#xE35;&#xE48; 1.</subfield>
  </datafield>
  <datafield tag="260" ind1=" " ind2=" ">
    <subfield code="a">&#xE01;&#xE23;&#xE38;&#xE07;&#xE40;&#xE17;&#xE1E;&#xE2F; :</subfield>
    <subfield code="b">&#xE40;&#xE1E;&#xE23;&#xE4A;&#xE1A;&#xE1A;&#xE38;&#xE4A;&#xE04;,</subfield>
    <subfield code="c">2557.</subfield>
  </datafield>
  <datafield tag="300" ind1=" " ind2=" ">
    <subfield code="a">138 &#xE2B;&#xE19;&#xE49;&#xE32; :</subfield>
    <subfield code="b">&#xE20;&#xE32;&#xE1E;&#xE1B;&#xE23;&#xE30;&#xE01;&#xE2D;&#xE1A; ;</subfield>
    <subfield code="c">26 &#xE0B;&#xE21;.</subfield>
  </datafield>
  <datafield tag="505" ind1="2" ind2=" ">
    <subfield code="a">&#xE04;&#xE48;&#xE32;&#xE19;&#xE34;&#xE22;&#xE21; &#xE42;&#xE14;&#xE22; &#xE04;&#xE38;&#xE13;&#xE2D;&#xE32;&#xE19;&#xE31;&#xE19;&#xE17;&#xE4C; &#xE1B;&#xE31;&#xE19;&#xE22;&#xE32;&#xE23;&#xE0A;&#xE38;&#xE19; -- &#xE1C;&#xE25;&#xE07;&#xE32;&#xE19;&#xE02;&#xE2D;&#xE07;&#xE04;&#xE38;&#xE13;&#xE1E;&#xE48;&#xE2D; -- &#xE04;&#xE33;&#xE19;&#xE33;...."&#xE20;&#xE34;&#xE23;&#xE21;&#xE22;&#xE4C;&#xE20;&#xE32;&#xE1E;&#xE20;&#xE31;&#xE01;&#xE14;&#xE35;" -- &#xE1E;&#xE23;&#xE30;&#xE1A;&#xE23;&#xE21;&#xE21;&#xE2B;&#xE32;&#xE23;&#xE32;&#xE0A;&#xE27;&#xE31;&#xE07; -- &#xE1E;&#xE23;&#xE30;&#xE23;&#xE32;&#xE0A;&#xE27;&#xE31;&#xE07;&#xE1A;&#xE32;&#xE07;&#xE1B;&#xE30;&#xE2D;&#xE34;&#xE19; -- &#xE1E;&#xE23;&#xE30;&#xE15;&#xE33;&#xE2B;&#xE19;&#xE31;&#xE01;&#xE20;&#xE39;&#xE1E;&#xE34;&#xE07;&#xE04;&#xE23;&#xE32;&#xE0A;&#xE19;&#xE34;&#xE40;&#xE27;&#xE28;&#xE19;&#xE4C; -- &#xE15;&#xE32;&#xE21;&#xE40;&#xE2A;&#xE14;&#xE47;&#xE08;&#xE2F; --
&#xE04;&#xE13;&#xE30;&#xE17;&#xE33;&#xE07;&#xE32;&#xE19;.</subfield>
  </datafield>
  <datafield tag="600" ind1="0" ind2="4">
    <subfield code="a">&#xE20;&#xE39;&#xE21;&#xE34;&#xE1E;&#xE25;&#xE2D;&#xE14;&#xE38;&#xE25;&#xE22;&#xE40;&#xE14;&#xE0A;, </subfield>
    <subfield code="c">&#xE1E;&#xE23;&#xE30;&#xE1A;&#xE32;&#xE17;&#xE2A;&#xE21;&#xE40;&#xE14;&#xE47;&#xE08;&#xE1E;&#xE23;&#xE30;&#xE40;&#xE08;&#xE49;&#xE32;&#xE2D;&#xE22;&#xE39;&#xE48;&#xE2B;&#xE31;&#xE27;, </subfield>
    <subfield code="d">2470-2559</subfield>
    <subfield code="9">63327</subfield>
  </datafield>
  <datafield tag="600" ind1="0" ind2="4">
    <subfield code="a">&#xE2A;&#xE34;&#xE23;&#xE34;&#xE01;&#xE34;&#xE15;&#xE34;&#xE4C; &#xE1E;&#xE23;&#xE30;&#xE1A;&#xE23;&#xE21;&#xE23;&#xE32;&#xE0A;&#xE34;&#xE19;&#xE35;&#xE19;&#xE32;&#xE16;,</subfield>
    <subfield code="c">&#xE2A;&#xE21;&#xE40;&#xE14;&#xE47;&#xE08;&#xE1E;&#xE23;&#xE30;&#xE19;&#xE32;&#xE07;&#xE40;&#xE08;&#xE49;&#xE32;,</subfield>
    <subfield code="d">2475- </subfield>
    <subfield code="9">12020</subfield>
  </datafield>
  <datafield tag="651" ind1=" " ind2="4">
    <subfield code="a">&#xE44;&#xE17;&#xE22; </subfield>
    <subfield code="x">&#xE01;&#xE29;&#xE31;&#xE15;&#xE23;&#xE34;&#xE22;&#xE4C;&#xE41;&#xE25;&#xE30;&#xE1C;&#xE39;&#xE49;&#xE04;&#xE23;&#xE2D;&#xE07;&#xE19;&#xE04;&#xE23;</subfield>
    <subfield code="9">65710</subfield>
  </datafield>
  <datafield tag="700" ind1="0" ind2=" ">
    <subfield code="a">&#xE08;&#xE38;&#xE15;&#xE34;&#xE19;&#xE31;&#xE19;&#xE17;&#xE4C; &#xE20;&#xE34;&#xE23;&#xE21;&#xE22;&#xE4C;&#xE20;&#xE31;&#xE01;&#xE14;&#xE35;</subfield>
    <subfield code="9">48614</subfield>
  </datafield>
  <datafield tag="942" ind1=" " ind2=" ">
    <subfield code="c">GB</subfield>
    <subfield code="2">lcc</subfield>
  </datafield>
  <datafield tag="996" ind1=" " ind2=" ">
    <subfield code="a">kanyakorn.i</subfield>
    <subfield code="b">LIBSTF</subfield>
    <subfield code="c">2025-07-21</subfield>
  </datafield>
  <datafield tag="996" ind1=" " ind2=" ">
    <subfield code="a">saiphon.d</subfield>
    <subfield code="b">CATSTF	</subfield>
    <subfield code="c">2025-08-26</subfield>
  </datafield>
  <datafield tag="999" ind1=" " ind2=" ">
    <subfield code="c">106995</subfield>
    <subfield code="d">106995</subfield>
  </datafield>
  <datafield tag="998" ind1=" " ind2=" ">
    <subfield code="j">104</subfield>
    <subfield code="k"> &#xE19;&#xE32;&#xE07;&#xE2A;&#xE32;&#xE27;&#xE2A;&#xE32;&#xE22;&#xE1D;&#xE19;  &#xE14;&#xE35;&#xE07;&#xE32;&#xE21;</subfield>
  </datafield>
  <datafield tag="952" ind1=" " ind2=" ">
    <subfield code="0">0</subfield>
    <subfield code="1">0</subfield>
    <subfield code="2">lcc</subfield>
    <subfield code="4">0</subfield>
    <subfield code="7">0</subfield>
    <subfield code="8">CGBL</subfield>
    <subfield code="a">NALT</subfield>
    <subfield code="b">NALT</subfield>
    <subfield code="c">GEN</subfield>
    <subfield code="d">2025-07-21</subfield>
    <subfield code="l">0</subfield>
    <subfield code="o">DS 586 &#xE08;344&#xE20; 2557</subfield>
    <subfield code="p">3961215476</subfield>
    <subfield code="r">2025-07-21 00:00:00</subfield>
    <subfield code="w">2025-07-21</subfield>
    <subfield code="y">GB</subfield>
  </datafield>
</record>
